[Event "SVK-ch Amateurs"]
[Site "Liptovsky Jan"]
[Date "2023.06.16"]
[Round "3"]
[White "Prochazka, Martin"]
[Black "Juhar, Vladimir"]
[Result "0-1"]
[WhiteElo "1166"]
[BlackElo "1366"]
[PlyCount "54"]
[EventDate "2023.06.15"]
[EventType "swiss"]
[EventRounds "8"]
[EventCountry "SVK"]
[SourceTitle "CBM 214 Extra"]
[Source "ChessBase"]
[SourceDate "2023.07.31"]
[SourceVersion "1"]
[SourceVersionDate "2023.07.31"]
[SourceQuality "1"]

1. e4 e6 2. d4 d5 3. exd5 exd5 4. Nf3 Nf6 5. c4 Bb4+ 6. Bd2 Qe7+ 7. Be2 Bxd2+ 8. Nbxd2 Bg4 9. 0-0 0-0 10. Re1 Nc6 11. Qc2 Qd7 12. h3 Bxf3 13. Nxf3 Rfe8 14. Bd3 Nb4 15. Qd2 Nxd3 16. Qxd3 Rxe1+ 17. Rxe1 h6 18. Nh4 Qa4 19. cxd5 Nxd5 20. Qe4 Qxa2 21. Nf5 Qa5 22. Qe5 f6 23. Qe6+ Kh7 24. Rc1 Nf4 25. Rc2 Nxe6 26. Re2 Qxf5 27. g4 Qd5 0-1